000 nam a22 a 4500
999 _c4682
_d4682
003 AKMAL
005 20170727162830.0
008 170727s2009 myw l 00 may d
020 _a9677011995
_cRM39.00
082 0 4 _a344.5950545 MAL
090 _a344.5950545
_bMAL
110 1 _aMalaysia
_9400
240 1 _aAkta Dadah Berbahaya (Langkah-Langkah Pencegahan Khas), 1985.
_lEnglish
245 0 0 _aAkta Dadah Berbahaya (Disemak-1980) dan Peraturan-Peraturan :
_bsemua pindaan hingga Februari 2009 /
_cdisusun semula oleh Penasihat Undang-Undang MDC
250 _asecond edition
260 _aKuala Lumpur :
_bMDC ,
_c2009
300 _a240ms. ;
_c27cm
500 _aMengandungi indeks
650 _aDrug abuse
_xTreatment
_xLaw and legislation
_zMalaysia
_99000
942 _2ddc
_cBOOK
950 _lAKMAL